Sports Quiz

Random Sports or NFL Quiz

The Adrian Peterson Quiz Stats

 Plays Quiz not verified by Sporcle

Challenge
Share
Tweet
Embed
Score 0/13 Timer 04:00
0 Plays Today
Hint Information % Correct
TeamVikings
95.8%
Uniform Number28
95.8%
Draft Year2007
94.8%
CollegeOklahoma
89.2%
Overall Selection7
89%
Career High Touchdowns in a Game3
87.3%
Number of Pro Bowls3
79.8%
Height6'1'
77.3%
NicknameAll Day
69.7%
Career High Yards in a Game296
69.4%
Career High Touchdowns in a Season18
65.9%
Weight217
56.4%
Career High Yards in a Season1,760
21.1%

You're not logged in!

Compare scores with friends on all Sporcle quizzes.
OR
Log In

You Might Also Like...

Show Comments

Extras

Top Quizzes Today


Score Distribution

Your Account Isn't Verified!

In order to create a playlist on Sporcle, you need to verify the email address you used during registration. Go to your Sporcle Settings to finish the process.

Report this User

Report this user for behavior that violates our Community Guidelines.

Details: